| 000 | 00374cam a2200145ua 4500 | ||
|---|---|---|---|
| 041 |
_aeng _h |
||
| 082 |
_a928.23 _bMOO/LI |
||
| 100 | _aMoore, Hurry.T . | ||
| 245 |
_aLife and works of D.H.Lawrence / _cT.Harry Moore. _hTextual Documents |
||
| 260 |
_aLondon : _bGeorge Allen & Unwin Ltd , _c1951. |
||
| 300 | _a400 ; . | ||
| 504 | _a | ||
| 942 | _cBK | ||
| 999 |
_c1247 _d1247 |
||